Top 30 des bières les plus populaires en France - Statistiques

Statistiques générales
  • Ce quiz a été pris 147 fois
  • Le résultat moyen est 10 sur 30
Statistiques - réponses
Top Bières % Correct
1 Heineken
96%
3 1664
86%
2 Leffe
83%
5 Kronenbourg
82%
4 Desperados
75%
14 86
69%
6 Grimbergen
54%
12 Corona
51%
18 Chouffe
49%
10 Budweiser
45%
23 Guinness
37%
11 La Goudale
37%
7 Affligem
32%
20 Paix Dieu
24%
8 Pelforth
23%
19 Tripel Karmeliet
21%
16 Carlsberg
17%
13 Stella Artois
17%
9 Hoegaarden
14%
24 Delirium Tremens
10%
29 La Bete
10%
25 San Miguel
9%
22 Peroni
8%
27 Meteor
7%
30 Jenlain
4%
15 33 Export
3%
17 Edelweiss
3%
21 Brooklyn Lager
1%
28 Lagunitas IPA
1%
26 Brewdog Punk IPA
0%
Aucun quiz correspondant
Distribution des résultats
% des personnes avec chaque résultat
Percentile par nombre de réponses
Votre historique - résultats
Vous n’avez pas pris ce quiz